| 000 | 00525nam a2200193Ia 4500 | ||
|---|---|---|---|
| 008 | 140306s9999 xx 000 0 und d | ||
| 020 | _a8120708482 | ||
| 041 | _aeng | ||
| 082 |
_a657.42 _bRAT/RA |
||
| 100 | _aRathnam, P V | ||
| 245 | _aRathnams cost and management accounting : problmes and solutions | ||
| 260 |
_aNew Delhi _bStrelling publishers Private Limited _c1988 |
||
| 300 | _a754 | ||
| 365 | _bRs.150 | ||
| 650 | _aContracts costing | ||
| 650 | _aCost control | ||
| 650 | _aJobcosting | ||
| 942 |
_2ddc _cBK |
||
| 999 |
_c184741 _d184741 |
||